| 000 | 01029nam a2200301Ia 4500 | ||
|---|---|---|---|
| 003 | OSt | ||
| 005 | 20221007125637.0 | ||
| 006 | a|||||r|||| 00| 0 | ||
| 007 | ta | ||
| 008 | 221006b |||||||| |||| 00| 0 eng d | ||
| 020 | _a8188342351 (hbd) | ||
| 024 | _a18475 | ||
| 037 |
_b1354/2005-06, 20/03/2006, Educational Book Agency (India) _cTextual |
||
| 040 |
_aCDL _cCDL _beng |
||
| 041 |
_2eng _aeng |
||
| 082 | _aJ6, P6 Carc | ||
| 100 |
_aSukh Dev _9722265 |
||
| 245 | 0 | _aSelection of prime ayurvedic plant drugs: Ancient-modern concordance | |
| 260 |
_aNew _bDelhi Anamaya Publishers _c2006 |
||
| 300 |
_axxvi, 501p. _ccm. |
||
| 500 | _aIncludes bibliographical references.; Glossary 465-486p.; Index 1-3, 489-501p. | ||
| 650 |
_a Ayurvedic plants _9722266 |
||
| 650 | _a Medicinal plants | ||
| 650 |
_a Plant drugs _9722267 |
||
| 650 | _aAgriculture | ||
| 942 |
_hJ6, P6 Carc _cTEXL _2CC |
||
| 999 |
_c1215641 _d1215641 |
||